Central Library OPAC University of Rajshahi

আয়কর আইন = (Income-tax law) / (Record no. 47332)

MARC details
000 -LEADER
fixed length control field 00847nam a2200253 a 4500
001 - CONTROL NUMBER
control field 47332
003 - CONTROL NUMBER IDENTIFIER
rucl marc code BD-RjUL
005 - DATE AND TIME OF LATEST TRANSACTION
control field 20211209054309.0
008 - FIXED-LENGTH DATA ELEMENTS--GENERAL INFORMATION
fixed length control field 160808b19831971bg ||||| |||| 00| 0 ben d
020 ## - INTERNATIONAL STANDARD BOOK NUMBER
Terms of availability :Tk.56.00
035 ## - SYSTEM CONTROL NUMBER
System control number (BD-RjUL)47451
040 ## - CATALOGING SOURCE
Original cataloging agency BD-RjUL
Language of cataloging ben
Transcribing agency BD-RjUL
041 ## - LANGUAGE CODE
Language code of text/sound track or separate title ben
082 ## - DEWEY DECIMAL CLASSIFICATION NUMBER
Edition number 23
Classification number 336.24
Author mark and year NUA 1981
100 ## - MAIN ENTRY--PERSONAL NAME
Personal name নুরুন্নবী, এম
9 (RLIN) 135832
245 10 - TITLE STATEMENT
Title আয়কর আইন = (Income-tax law) /
Statement of responsibility, etc. এম নুরুন্নবী
250 ## - EDITION STATEMENT
Edition statement ৪র্থ সংস্করণ
260 ## - PUBLICATION, DISTRIBUTION, ETC. (IMPRINT)
Place of publication, distribution, etc. রাজশাহী :
Name of publisher, distributor, etc. বেগম গুলশান আরা,
Date of publication, distribution, etc. ১৯৮১
300 ## - PHYSICAL DESCRIPTION
Pagination vii,৩৬৪ পৃ. ;
Size ২১ সেমি.
500 ## - GENERAL NOTE
General note প্রশ্নাবলী
650 ## - SUBJECT ADDED ENTRY--TOPICAL TERM
Topical term or geographic name as entry element আয় কর
9 (RLIN) 144043
Topical term or geographic name as entry element Income taxes
9 (RLIN) 144044
942 ## - ADDED ENTRY ELEMENTS (KOHA)
Source of classification or shelving scheme Dewey Decimal Classification
Koha item type Books
Holdings
Lost status Source of classification or shelving scheme Damaged status Not for loan Collection code Permanent Location Current Location Shelving location Date acquired Source of acquisition Cost, normal purchase price Total Checkouts Full call number Date last seen Copy number Koha item type
  Dewey Decimal Classification     Non-fiction Central Library, University of Rajshahi Central Library, University of Rajshahi   22/02/1984 Aligor library 56.00   B 336.24 NUA 1981 08/08/2016 C-2 Books
  Dewey Decimal Classification     Non-fiction Central Library, University of Rajshahi Central Library, University of Rajshahi   02/02/1984 Alighor library, Rajshahi. 56.00   B 336.24 NUA 1983 08/08/2016 C-3 Books
  Dewey Decimal Classification   Not For Loan Non-fiction Central Library, University of Rajshahi Central Library, University of Rajshahi Reading Room 02/02/1984 ALIGORH LIB. RAJSHAHI 56.00   B 336.24 NUA 1983 16/05/2023 C-1 Books